Herr der Ringe Charaktere - Sudden Death - Statistiken

Allgemein
  • Dieses Quiz wurde 1.066 mal gespielt
  • Das Durchschnittsergebnis liegt bei 10 aus 15
Answers on the Grid
Answers color-coded by a green-red scale on the quiz's grid according to % correct below.
Bilbo Beutlin
Albus Dumbledore
Lutz Farning/Farnrich
Tom Bombadil
Brom
Eowyn
Peter Pevensie
Davos Seewert
Faramir
Celeborn
Nasuada
Grover Underwood
Peregrin Tuk
Baumbart
Loras Tyrell
Tungdil Gorldhand
Samweis Gamdschie
Balder
Gwrhyr Gwalstawd Ieithoedd
Saruman
Lurtz
Zerdaya
Háma
Kaz Brekker
Hexenkönig von Angmar
Lobelia Sackheim-Beutlin
Aragorn
Sinthoras
 
Antwortstatistiken
Antwort % Korrekt
Bilbo Beutlin
90%
Aragorn
89%
Faramir
85%
Saruman
85%
Baumbart
81%
Eowyn
80%
Samweis Gamdschie
80%
Hexenkönig von Angmar
75%
Peregrin Tuk
73%
Tom Bombadil
68%
Celeborn
65%
Lobelia Sackheim-Beutlin
62%
Lurtz
43%
Háma
32%
Lutz Farning/Farnrich
31%
Keine übereinstimmenden Quizze gefunden
Verteilung der Resultate
Anzahl Personen mit jedem Resultat
Perzentil nach korrekt beantworteten Fragen
Ihre Resultats-Entwicklung
Sie haben dieses Quiz noch nicht gespielt